| 000 | 03142nam0a2200409 4500 | ||
|---|---|---|---|
| 001 | RU\NLR\BIBL_A\012847291 | ||
| 005 | 20220728110456.0 | ||
| 010 |
_a978-5-00166-660-8 _9100 |
||
| 021 |
_aRU _bКН-П-22-027874 _9КН-П-22-2391 |
||
| 035 | _a(NLR Aleph) 012847291 | ||
| 035 | _a(RuMoRGB)011061868 | ||
| 090 |
_a12415492 _c12415492 |
||
| 100 | _a20220713d2022 k y0rusy50 ca | ||
| 101 | 0 | _aeng | |
| 102 | _aRU | ||
| 105 | _aa z 000zy | ||
| 181 | 0 |
_ai3 _baxxe |
|
| 182 | 0 | _an | |
| 200 | 1 |
_aЧтения академика В. Н. Болтинского _eсеминар, [25-26 января 2022 года] _eсборник статей _fРГАУ-МСХА имени К. А. Тимирязева, Институт механики и энергетики имени В. П. Горячкина, Кафедра тракторов и автомобилей |
|
| 203 |
_aТекст _bвизуальный _cнепосредственный |
||
| 210 |
_aМосква _cСам Полиграфист _d2022 |
||
| 215 |
_a285 с. _cил., табл. _d21 |
||
| 300 | _aРез. англ. | ||
| 320 | _aБиблиогр. в конце ст. | ||
| 330 | _aВ сборнике представлены результаты актуальных научных исследований ученых, докторантов, преподавателей и аспирантов по результатам проведенного постоянно действующего семинара <Чтения академика B. Н. Болтинского>, который состоялся 25-26 января 2022 года. Сборник предназначен для научных сотрудников и преподавателей высших учебных заведений. Может использоваться в учебном процессе, втом числе в процессе обучения аспирантов, подготовки магистров и бакалавров в целях углубленного рассмотрения соответствующих проблем. Все статьи сборника прошли рецензирование, сохраняют авторскую редакцию, всю ответственность за содержание несут авторы | ||
| 600 | 1 |
_aБолтинский _bВ.Н. _f1904 - 1977 _gВасилий Николаевич _91179197 _3RU\NLR\AUTH\66156641 |
|
| 606 | 1 |
_aСельское хозяйство _jСборники _xМеханизация _91228736 _3RU\NLR\AUTH\66182784 |
|
| 675 |
_a631.3(082) _v4 |
||
| 686 | 1 | _aП07д(2)Болтинский | |
| 686 | 1 | _aП071я43 | |
| 702 | 1 |
_4570 _7ca _8rus _aБолтинский _bВ. Н. _cд-р техн. наук, тракторостроение _f1904-1977 _gВасилий Николаевич _92653239 _3RU\NLR\AUTH\770281272 |
|
| 710 | 1 | 2 |
_aЧтения В. Н. Болтинского _eМосква _f2022 _9804311 _3RU\NLR\AUTH\880568941 |
| 942 | _cBOOK | ||
| 980 | _aNB | ||